| 000 | 00931nas a2200301 4500 | ||
|---|---|---|---|
| 001 | BR2013005076 | ||
| 003 | BR-BrBNA | ||
| 005 | 20231205122548.0 | ||
| 007 | ta | ||
| 008 | 230509b bl.|||p| |||| 00| 00por d | ||
| 040 |
_aBR-BrBNA _bpor _cBiblioteca Nacional de Agricultura |
||
| 041 | _a(Pt) | ||
| 072 | _aP33 | ||
| 100 | 1 | _aRodrigues, S. | |
| 100 | 1 | _aSilva, A.P. da | |
| 100 | 1 | _aGiarola, N.F.B. | |
| 100 | 1 | _aRodrigues, J.A.R. | |
| 245 | 1 | _aPermeabilidade ao ar em latossolo vermelho sob diferentes sistemas de manejo | |
| 650 | _aPLANTIO DIRETO | ||
| 650 | _aSOLO | ||
| 650 | _aFÍSICA | ||
| 650 | _aPOROSIDADE | ||
| 650 | _aPERMEABILIDADE | ||
| 773 | 0 |
_tRevista Brasileira de Ciência do Solo (Brazil) _xISSN 0100-0683 _g(Jan-Feb 2011), v. 35(1) p. 105-114 _wBR2013005076 |
|
| 856 | 4 | 0 | _uhttp://www.scielo.br/pdf/rbcs/v35n1/a10v35n1.pdf |
| 909 |
_a202311 _bLúcia _c55 _dLúcia Elande |
||
| 942 |
_2AGRIS _n0 _cANA |
||
| 999 |
_c229300 _d229300 |
||